La esencia de la mercadotecnia de servicios

Guardat en:
Dades bibliogràfiques
Autor principal: Payne, Adrian (autor)
Format: Llibre
Idioma:espanyol
Publicat: Ciudad de México Prentice Hall Hispanoamericana 1996
Edició:1a. ed
Col·lecció:Series
Matèries:
Etiquetes: Afegir etiqueta
Sense etiquetes, Sigues el primer a etiquetar aquest registre!

MARC

LEADER 00000cam a2200000 a 4500
001 UCD8983
003 CL-VaPUC
008 170527e19960000mx |||||||||||||||||spa|d
020 |a 9688807273 
082 0 4 |a 658.8  |b PAY  |2 21 
100 |a Payne, Adrian  |e autor  |9 592619 
245 1 3 |a La esencia de la mercadotecnia de servicios 
250 |a 1a. ed 
300 |a 252 p 
942 |c BK 
945 |d 20170527 00:32:00  |a arojas 
260 |a Ciudad de México  |b Prentice Hall Hispanoamericana  |c 1996 
650 0 |a Gestión de servicios  |9 454827 
650 0 |a Clientes  |9 369499 
650 0 |a Investigación de mercado  |9 332310 
650 7 |a MERCADOTECNIA  |2 CL-VaPUC  |9 347996 
583 |a last modification  |c 20170527 00:32:00  |k Rodrigo Vera 
490 0 |a Series 
999 |c 368288  |d 368286